00550cam a22001937a 450000100060000000300080000600500170001400800390003103500190007004000270008904100110011608200230012710000270015024500370017726000360021430000200025050000380027065000480030822186BD-RjUL20211209000758.0140306s1985 bg f000 1 eng a(BD-RjUL)22251 aDLCcDLCdBD-RjULbeng1 aengben00a891.4437bRUA 19851 aRusd, Abu,d1919-2010.14aThe aborted island /cAbu Rushd. aDhaka :bBangla Academy,c1985. a78 p. ;c25 cm. aTranslation of: Sthagita dvīpa. 0aBengali fictionxTranslations into English.